000 00467nam a2200205Ia 4500
008 210210b1965 xxu||||| |||| 00| 0 eng d
041 _aeng
082 _a822/1122
100 _aSNOW (C P)
245 _aTwo cultures: and a second look
260 _aCambridge
_bAt the University Press
_c1965
650 _aTwo
650 _asecond
650 _alook
650 _acultures:
650 _aand
650 _aa
690 _aEnglish Prose
906 _a013305
999 _c132170
_d132170